000 00483nam a2200157 i 4500
001 62184
003 ES-MaACL
005 20230906164625.0
007 t|
008 031118s1972 sp ||||1| spa d
111 2 _aFeria Internacional (
_d1972.
_cBarcelona)
_9729
245 1 0 _aFeria Internacional
_b: II Jornadas técnicas : medio ambiente.
260 _aBarcelona :
_bBanca Catalana,
_c1972.
300 _a258 p., 4 lám. :
_bil. ;
_c22 cm.
852 _aES-MaACL
_jC-49735
_bR.84800
999 _c62184
_d62184